000 00360nam a22001577a 4500
003 dpl
005 20230828122926.0
008 230828b |||||||| |||| 00| 0 eng d
040 _c-
082 _a621-JAW
100 _a-
_955396
245 _aJawa Commands
_hEnglish
260 _aA.I.C.B.
_bDelhi
_cRohini
300 _a12x13
942 _2ddc
_cBRLEN
_k621
_mJAW
999 _c197583
_d197583